000 00706nam a22002177a 4500
003 OSt
005 20140310182513.0
008 130808t xxu||||| |||| 00| 0 eng d
020 _a9789715064781
050 _aPL 5532
_b.P538 2008
245 _aPast and present :
_bPhilippine PEN anthology /
260 _aManila :
_bUST Publishing House,
_cc2008.
300 _a349 p. :
_c23 cm.
650 _aPhilippine literature (English)
_xCollections.
_99111
650 _aShort stories, Philippine (English).
_91497
650 _aPhilippines poetry (English).
_99112
650 _aPhilippine essays (English).
_99113
650 _aPhilippine drama (English).
_99114
942 _2lcc
_cSSLC
999 _c13939
_d13939